000 00388nam a2200145Ia 4500
008 230917s9999||||xx |||||||||||||| ||und||
040 _e165690
_aMAIN
041 _aEnglish
082 _a657.48 W251F
100 _aWarren, Carl S
245 0 _aFinancial accounting: Concepts, methods and applications
260 _aNew Delhi
_bCengage Learning
_c2009
300 _a667 p.
942 _cBK
999 _c153393
_d153393